| 000 | 00750nam a2200229 a 4500 | ||
|---|---|---|---|
| 999 |
_c447367 _d447367 |
||
| 003 | BLK | ||
| 005 | 20230727123309.0 | ||
| 008 | 220307b bu ||||| ||||||0| | bu d | ||
| 040 | _aBLK | ||
| 041 |
_aBUL _cBUL |
||
| 080 |
_x(497.215)(062) _aХотели, ресторанти _b64.024.1/.3 _z64.024.1/.3(497.215)(062) |
||
| 139 |
_aHotel "Anna palace" Rousse, Bulgaria _bH 82 |
||
| 245 |
_aHotel "Anna palace" Rousse, Bulgaria _h[Малотир. изд.] |
||
| 260 |
_9441842 _aРусе _bб. и. _cб. г. |
||
| 300 |
_a8 с. _bцв. ил. _e20Х20 см |
||
| 380 | _a62 | ||
| 653 | 7 |
_9200144 _aхотели |
|
| 653 | 7 |
_9200145 _aхотелиерство |
|
| 852 |
_aК 62/H 82 _bК |
||
| 942 |
_cKNG _n0 _s1 _01 |
||
| 944 |
_aCR _c2022-03-07 _k30556 _lТеодора Пейчева-Дянкова |
||